000 00570nam a22001937a 4500
003 OSt
005 20180116183032.0
008 151222b xxu||||| |||| 00| 0 eng d
020 _a05-245-87-1
024 _205-245-87-1
040 _cLahore LUMS
082 _a 174.4 LUM 1987
100 _aErskine J A, Niazi Z
245 _aGLAXO LABORATORIES (PAKISTAN) LIMITED
_cErskine J A, Niazi Z
260 _aLahore LUMS
_b Lahore University of Management Sciences
_c1987
300 _a9 p.
_bPaper
440 _aGLAXO LABORATORIES (PAKISTAN) LIMITED
942 _2ddc
_cCS
999 _c351050
_d351050